000 00885nam a2200253Ia 4500
003 OSt
005 20221005113424.0
006 a|||||r|||| 00| 0
007 ta
008 221004b |||||||| |||| 00| 0 pan d
020 _a9788178837253 (hbk)
024 _a15258
037 _bGift, 20/01/2015,
_cTextual
040 _aCRL
_cCRL
_bpan
041 _2pan
_apan
082 _aO153:g, Q0
100 _aਨਸਰਾਲੀ, ਬਲਵਿੰਦਰ
245 0 _aਪੰਜਾਬੀ ਸਿਨੇਮਾ ਤੇ ਸਾਹਿਤ
_b ਸਮਕਾਲੀ ਸੰਦਰਬ
260 _aਲੁਧਿਆਣਾ
_bਚੇਤਨਾ ਪ੍ਰਕਾFਨ ਭਾਰਤ
_c2010
300 _a106ਪੰ
_ccm.
650 _aਪੰਜਾਬੀ ਸਾਹਿਤ
942 _hO153:g, Q0
_cTEXL
_2cc
999 _c1028130
_d1028130